| 000 | 00356nam a2200157Ia 4500 | ||
|---|---|---|---|
| 008 | 210210b1903 xxu||||| |||| 00| 0 eng d | ||
| 041 | _aeng | ||
| 082 | _a829/1226 | ||
| 100 | _aWELLS (H G) | ||
| 245 | _aTime machine | ||
| 260 |
_aEngland _bPenguin Books _c1903 |
||
| 650 | _aTime | ||
| 650 | _amachine | ||
| 690 | _aEnglish Fiction | ||
| 906 | _a017837 | ||
| 999 |
_c137821 _d137821 |
||